000 nam a22 7a 4500
999 _c10136
_d10136
008 180212b ||||| |||| 00| 0 eng d
100 _aSharma, S C
_96135
245 _aSchoolmaths class -II
260 _aNew Delhi
_bArya Publication
_c2012